[Event "Rheinland Pfalz op 53th"]
[Site "Heimbach Weis"]
[Date "2025.06.22"]
[Round "7"]
[White "Pieper, Dawid"]
[Black "Pfarr, Michael"]
[Result "1/2-1/2"]
[WhiteElo "2153"]
[BlackElo "1942"]
[PlyCount "100"]
[EventDate "2025.06.19"]
[EventType "swiss"]
[EventRounds "7"]
[EventCountry "GER"]
[SourceTitle "CB26_2025"]
[SourceDate "2025.06.25"]
[SourceVersion "1"]
[SourceVersionDate "2025.06.25"]
[SourceQuality "1"]

1. e4 c5 2. Nf3 e6 3. c3 Nf6 4. e5 Nd5 5. d4 cxd4 6. cxd4 Nc6 7. Bc4 Nb6 8. Bb3 d6 9. Qe2 dxe5 10. dxe5 Bd7 11. 0-0 Nb4 12. Nc3 Bc6 13. Rd1 Qc7 14. Nb5 Bxb5 15. Qxb5+ Nc6 16. Be3 Be7 17. a4 Nd7 18. Rac1 a6 19. Qd3 Rd8 20. Qe4 Ndxe5 21. Rxd8+ Bxd8 22. Nxe5 Qxe5 23. Qxe5 Nxe5 24. Bd4 Nc6 25. Bxg7 Rg8 26. Bc3 Bg5 27. Rd1 Ke7 28. g3 Rd8 29. Rxd8 Nxd8 30. f4 Bf6 31. Bxf6+ Kxf6 32. Bc2 h6 33. Be4 b6 34. b4 a5 35. bxa5 bxa5 36. Kf2 Ke7 37. Ke3 Kd6 38. Kd4 f6 39. Kc4 e5 40. f5 Nc6 41. Kb5 Nb4 42. Kxa5 Kc5 43. g4 Na2 44. h4 Nc3 45. Bb7 e4 46. g5 fxg5 47. hxg5 hxg5 48. f6 Kd6 49. Kb4 Nxa4 50. Bxe4 Ke6 1/2-1/2

[Event "Rheinland Pfalz op 53th"]
[Site "Heimbach Weis"]
[Date "2025.06.21"]
[Round "5"]
[White "Pfarr, Michael"]
[Black "Carafizi, Vasilii"]
[Result "1/2-1/2"]
[WhiteElo "1942"]
[BlackElo "2164"]
[PlyCount "102"]
[EventDate "2025.06.19"]
[EventType "swiss"]
[EventRounds "7"]
[EventCountry "GER"]
[SourceTitle "CB26_2025"]
[SourceDate "2025.06.25"]
[SourceVersion "1"]
[SourceVersionDate "2025.06.25"]
[SourceQuality "1"]

1. e4 e5 2. Nf3 Nc6 3. Bc4 Nf6 4. d3 Be7 5. 0-0 0-0 6. Re1 d6 7. a4 Na5 8. Ba2 c5 9. h3 Bd7 10. Bd2 Nc6 11. Nc3 Nb4 12. Bb3 Be6 13. Bxe6 fxe6 14. Bg5 Nh5 15. Bxe7 Qxe7 16. Nh2 Qh4 17. Rf1 Rf6 18. Qg4 Qxg4 19. Nxg4 Rg6 20. Rac1 Nf4 21. Kh2 h5 22. Ne3 Rf6 23. g3 Ng6 24. Kg2 Kf7 25. Ne2 Ke7 26. f4 exf4 27. Nxf4 Nxf4+ 28. Rxf4 Raf8 29. Rxf6 Rxf6 30. Rd1 Nc6 31. c3 Ne5 32. d4 cxd4 33. cxd4 Nf3 34. h4 Kd7 35. b4 g5 36. d5 gxh4 37. dxe6+ Kxe6 38. Nf5 Ng5 39. Rxd6+ Ke5 40. Rxf6 Kxf6 41. Nd6 h3+ 42. Kh2 Ke5 43. Nxb7 Kxe4 44. Nd6+ Kf3 45. b5 Kg4 46. a5 Nf3+ 47. Kh1 Ne5 48. b6 axb6 49. axb6 Kxg3 50. b7 Nd7 51. Ne4+ Kf4 1/2-1/2

[Event "Rheinland Pfalz op 53th"]
[Site "Heimbach Weis"]
[Date "2025.06.20"]
[Round "4"]
[White "Syrov, Arkadi"]
[Black "Pfarr, Michael"]
[Result "1-0"]
[WhiteElo "2360"]
[BlackElo "1942"]
[PlyCount "53"]
[EventDate "2025.06.19"]
[EventType "swiss"]
[EventRounds "7"]
[EventCountry "GER"]
[SourceTitle "CB26_2025"]
[SourceDate "2025.06.25"]
[SourceVersion "1"]
[SourceVersionDate "2025.06.25"]
[SourceQuality "1"]

1. e4 c5 2. Nf3 Nc6 3. Bb5 e6 4. Bxc6 bxc6 5. d3 Ne7 6. e5 Ng6 7. h4 h5 8. Qe2 Rb8 9. Nbd2 Qc7 10. Qe4 Ba6 11. b3 d5 12. exd6 Qxd6 13. Qa4 Rb6 14. Ne4 Qb8 15. Be3 Bc8 16. Bxc5 Bxc5 17. Nxc5 0-0 18. Qe4 Qd6 19. d4 e5 20. Nxe5 Nxe5 21. Qxe5 Qxe5+ 22. dxe5 Re8 23. 0-0-0 Rb5 24. Nd3 Bf5 25. f4 a5 26. c4 Rbb8 27. Nc5 1-0

[Event "Heusenstamm Sparkassen op 11th"]
[Site "Heusenstamm"]
[Date "2024.11.24"]
[Round "7"]
[White "Pfarr, Michael"]
[Black "Wachsmann, Dietmar"]
[Result "0-1"]
[WhiteElo "1954"]
[BlackElo "2014"]
[PlyCount "82"]
[EventDate "2024.11.21"]
[EventType "swiss"]
[EventRounds "7"]
[EventCountry "GER"]
[SourceTitle "CB51_2024"]
[SourceDate "2024.12.18"]
[SourceVersion "1"]
[SourceVersionDate "2024.12.18"]
[SourceQuality "1"]

1. e4 c5 2. Nf3 e6 3. d4 cxd4 4. Nxd4 Nf6 5. Nc3 Nc6 6. Be3 Bb4 7. Bd3 d5 8. exd5 Nxd5 9. Nxc6 bxc6 10. Bd2 0-0 11. Ne4 f5 12. Bxb4 Nxb4 13. Nc3 Nxd3+ 14. Qxd3 Qxd3 15. cxd3 e5 16. 0-0-0 Kf7 17. Rhe1 Kf6 18. d4 e4 19. f3 exf3 20. gxf3 Be6 21. Re5 Rfd8 22. f4 Rd6 23. b3 Rad8 24. Ne2 Bf7 25. Kb2 Bh5 26. Kc3 c5 27. Rd2 Bxe2 28. Rdxe2 cxd4+ 29. Kd3 Rc8 30. Ra5 Rc3+ 31. Kd2 d3 32. Kxc3 dxe2 33. Re5 Re6 34. Rxe6+ Kxe6 35. Kd3 Kd5 36. Kxe2 Ke4 37. h4 Kxf4 38. b4 Ke4 39. b5 g6 40. a4 h6 41. a5 Kd5 0-1

[Event "Rheinland Pfalz op 14th"]
[Site "Neuwied"]
[Date "2024.05.31"]
[Round "4"]
[White "Chassard, Cedric"]
[Black "Pfarr, Michael"]
[Result "1-0"]
[WhiteElo "2246"]
[BlackElo "1981"]
[PlyCount "111"]
[EventDate "2024.05.30"]
[EventType "swiss"]
[EventRounds "7"]
[EventCountry "GER"]
[SourceTitle "CBM 220 Extra"]
[Source "ChessBase"]
[SourceDate "2024.07.31"]
[SourceVersion "1"]
[SourceVersionDate "2024.07.31"]
[SourceQuality "1"]

1. e4 c5 2. Nf3 Nc6 3. d4 cxd4 4. Nxd4 Nf6 5. Nc3 e5 6. Ndb5 d6 7. Nd5 Nxd5 8. exd5 Ne7 9. c4 Ng6 10. Qa4 Bd7 11. Qb4 Qb8 12. Be3 a6 13. Nc3 Be7 14. Na4 Bd8 15. Nb6 Bxb6 16. Bxb6 0-0 17. h4 Ne7 18. a4 Nc8 19. Be3 a5 20. Qc3 Qc7 21. Be2 Ne7 22. f3 f5 23. f4 exf4 24. Bd4 Rf7 25. 0-0 Ng6 26. h5 Ne5 27. Rxf4 Raf8 28. b3 Ng4 29. Raf1 Nh6 30. Qe3 Re8 31. Qf2 Re4 32. Bd3 Rxf4 33. Qxf4 Bc8 34. Re1 Re7 35. Rxe7 Qxe7 36. Qe3 Qxe3+ 37. Bxe3 Ng4 38. Bb6 Nf6 39. Bc7 Ne4 40. Bxa5 Kf7 41. Bb6 Ng3 42. h6 gxh6 43. Kf2 Ne4+ 44. Ke3 Nf6 45. Kd4 Bd7 46. a5 h5 47. b4 Ke7 48. b5 Bc8 49. c5 dxc5+ 50. Bxc5+ Kd8 51. Ke5 Nd7+ 52. Kd6 f4 53. a6 bxa6 54. bxa6 h4 55. Bf2 h3 56. gxh3 1-0

[Event "Rheinland Pfalz op 14th"]
[Site "Neuwied"]
[Date "2024.05.30"]
[Round "1"]
[White "Pfarr, Michael"]
[Black "Feig, Frank"]
[Result "1-0"]
[WhiteElo "1981"]
[BlackElo "1643"]
[PlyCount "57"]
[EventDate "2024.05.30"]
[EventType "swiss"]
[EventRounds "7"]
[EventCountry "GER"]
[SourceTitle "CBM 220 Extra"]
[Source "ChessBase"]
[SourceDate "2024.07.31"]
[SourceVersion "1"]
[SourceVersionDate "2024.07.31"]
[SourceQuality "1"]

1. e4 d6 2. d4 Nf6 3. Bd3 g6 4. Nf3 Bg7 5. h3 0-0 6. Be3 Nbd7 7. c3 e5 8. Nbd2 c6 9. Qe2 b5 10. a4 bxa4 11. Rxa4 Nb6 12. Ra3 Qc7 13. 0-0 h6 14. Rfa1 exd4 15. Nxd4 d5 16. e5 Nfd7 17. e6 Ne5 18. exf7+ Rxf7 19. Bc2 Re7 20. N4f3 Nxf3+ 21. Qxf3 g5 22. Bc5 Rf7 23. Qe3 Bf5 24. Bxf5 Rxf5 25. Bxb6 Qe5 26. Qxe5 Bxe5 27. Bxa7 Bd6 28. Ra6 Raf8 29. Rxc6 1-0

[Event "Regionalliga NW 1516"]
[Site "Bayern"]
[Date "2016.01.31"]
[Round "6.1"]
[White "Pfarr, Michael"]
[Black "Schulz, Lukas"]
[Result "0-1"]
[WhiteElo "2037"]
[BlackElo "2158"]
[PlyCount "76"]
[EventDate "2015.10.11"]
[EventType "team-tourn"]
[EventRounds "9"]
[EventCountry "GER"]
[SourceTitle "EXT 2018"]
[Source "ChessBase"]
[SourceDate "2017.10.13"]
[SourceVersion "1"]
[SourceVersionDate "2017.10.13"]
[SourceQuality "1"]
[WhiteTeam "Moembris"]
[BlackTeam "Hoechstadt/Aisch"]
[WhiteTeamCountry "GER"]
[BlackTeamCountry "GER"]

1. e4 d5 2. exd5 Nf6 3. c4 c6 4. d4 cxd5 5. Nc3 e6 6. Nf3 Be7 7. Bg5 0-0 8. c5 Nc6 9. Bb5 Ne4 10. Bxe7 Nxe7 11. Rc1 b6 12. Qe2 bxc5 13. Nxe4 dxe4 14. Qxe4 Qa5+ 15. Nd2 Qxb5 16. Qxa8 Ba6 17. Qe4 cxd4 18. b3 Nd5 19. a4 Qb4 20. Rc6 Nc3 21. Qc2 Qb7 22. Rxa6 Qxa6 23. Nc4 Nxa4 24. 0-0 Nb6 25. Ne5 Qb5 26. Nf3 d3 27. Qa2 Rd8 28. Qxa7 h6 29. Nd2 Qb4 30. Rd1 Ra8 31. Qb7 Ra2 32. Nc4 Qxb3 33. Rf1 Qxc4 34. Qxb6 Rc2 35. h4 d2 36. Rd1 Qe2 37. Qb8+ Kh7 38. Qb1 Qxd1+ 0-1

[Event "Karl Mala Memorial op-A 16th"]
[Site "Frankfurt"]
[Date "2013.07.14"]
[Round "7"]
[White "Pfarr, Michael"]
[Black "Syrov, Arkadi"]
[Result "1/2-1/2"]
[WhiteElo "2072"]
[BlackElo "1990"]
[PlyCount "45"]
[EventDate "2013.07.11"]
[EventType "swiss"]
[EventRounds "7"]
[EventCountry "GER"]
[SourceTitle "EXT 2014"]
[Source "ChessBase"]
[SourceDate "2013.11.20"]
[SourceVersion "1"]
[SourceVersionDate "2013.11.20"]
[SourceQuality "1"]

1. e4 e5 2. Nf3 Nc6 3. Bc4 Nf6 4. d4 exd4 5. 0-0 Bc5 6. e5 d5 7. exf6 dxc4 8. Re1+ Be6 9. Ng5 Qd5 10. Nc3 Qf5 11. g4 Qxf6 12. Nce4 Qe7 13. Nxc5 Qxc5 14. Nxe6 fxe6 15. Rxe6+ Kd7 16. Re1 Rae8 17. Bf4 Rxe1+ 18. Qxe1 Re8 19. Qd2 Kc8 20. Bg3 Ne5 21. Qf4 Ng6 22. Qf7 Re7 23. Qg8+ 1/2-1/2

[Event "Karl Mala Memorial op-A 16th"]
[Site "Frankfurt"]
[Date "2013.07.13"]
[Round "4"]
[White "Niedenthal, Robert"]
[Black "Pfarr, Michael"]
[Result "1/2-1/2"]
[WhiteElo "1859"]
[BlackElo "2072"]
[PlyCount "87"]
[EventDate "2013.07.11"]
[EventType "swiss"]
[EventRounds "7"]
[EventCountry "GER"]
[SourceTitle "EXT 2014"]
[Source "ChessBase"]
[SourceDate "2013.11.20"]
[SourceVersion "1"]
[SourceVersionDate "2013.11.20"]
[SourceQuality "1"]

1. c4 Nf6 2. g3 g6 3. Bg2 Bg7 4. Nc3 c6 5. e4 d6 6. Nge2 0-0 7. 0-0 Qc7 8. b3 e5 9. Bb2 Bg4 10. h3 Be6 11. Rc1 Ne8 12. d4 f5 13. f4 fxe4 14. dxe5 dxe5 15. Nxe4 exf4 16. Ba3 Rf5 17. Nxf4 Bf7 18. Qd2 Na6 19. Rcd1 Be5 20. Qd7 Bxf4 21. Rxf4 Rxf4 22. Qxc7 Naxc7 23. gxf4 Ne6 24. Bc1 Rd8 25. Rxd8 Nxd8 26. Bb2 Be6 27. Be5 Nf7 28. Bb8 a6 29. c5 Kg7 30. Kf2 Nf6 31. Ng5 Bf5 32. Nxf7 Kxf7 33. Be5 Nd7 34. Bd4 Ke6 35. h4 Ke7 36. b4 Nf8 37. a3 Nd7 38. Ke3 Ke6 39. Bf3 h5 40. Bg2 Nf8 41. Bf3 Ke7 42. Be5 Kd7 43. Bd4 Ne6 44. Be5 1/2-1/2

[Event "Unterfranken-ch M1 61th"]
[Site "Kitzingen"]
[Date "2010.04.10"]
[Round "9"]
[White "Kuhn, Norbert"]
[Black "Pfarr, Michael"]
[Result "0-1"]
[WhiteElo "2042"]
[BlackElo "1961"]
[PlyCount "122"]
[EventDate "2010.04.05"]
[EventType "swiss"]
[EventRounds "9"]
[EventCountry "GER"]
[SourceTitle "EXT 2015"]
[Source "ChessBase"]
[SourceDate "2014.11.20"]
[SourceVersion "1"]
[SourceVersionDate "2014.11.20"]
[SourceQuality "1"]

1. e4 c5 2. Nf3 Nc6 3. b4 cxb4 4. d4 d5 5. exd5 Qxd5 6. c4 bxc3 7. Nxc3 Qa5 8. Bd2 e6 9. Bc4 Bb4 10. Rc1 Nge7 11. a3 Bxc3 12. Bxc3 Qxa3 13. 0-0 0-0 14. Re1 Nd5 15. Ba1 Bd7 16. Qe2 h6 17. Rb1 b6 18. Qe4 Nf6 19. Qh4 Ne7 20. Ne5 Ned5 21. Bb2 Qd6 22. Ra1 b5 23. Bd3 Rfc8 24. Bc1 b4 25. g4 Rxc1 26. Rexc1 Nf4 27. Rd1 Qd5 28. Bf1 Bc6 29. Nxc6 Qxc6 30. Qg3 g5 31. h4 a5 32. hxg5 hxg5 33. Rac1 Qe4 34. Re1 Qxd4 35. Red1 Qb6 36. Qf3 Rd8 37. Qe3 Qb8 38. Rxd8+ Qxd8 39. Qe5 Nxg4 40. Qc5 Nh6 41. Qc8 Qxc8 42. Rxc8+ Kg7 43. Ra8 Nf5 44. Rxa5 Nd5 45. Rb5 Nd6 46. Rb8 Ne4 47. Bc4 Nec3 48. Kg2 f5 49. Bb3 Kf6 50. f3 Ne3+ 51. Kf2 Ncd5 52. Ke2 Ke5 53. Re8 Kd4 54. Kd2 Ke5 55. Kd3 Kf6 56. Rb8 Ng2 57. Kd2 Ngf4 58. Rg8 Ne7 59. Rb8 Nfd5 60. Kd3 Ke5 61. Ke2 Nc6 0-1

[Event "Unterfranken-ch M2 60th"]
[Site "Obernau"]
[Date "2009.04.14"]
[Round "4"]
[White "Markert, Markus"]
[Black "Pfarr, Michael"]
[Result "0-1"]
[WhiteElo "1855"]
[BlackElo "1929"]
[PlyCount "58"]
[EventDate "2009.04.13"]
[EventType "swiss"]
[EventRounds "9"]
[EventCountry "GER"]
[SourceTitle "EXT 2015"]
[Source "ChessBase"]
[SourceDate "2014.11.20"]
[SourceVersion "1"]
[SourceVersionDate "2014.11.20"]
[SourceQuality "1"]

1. e4 c5 2. d4 cxd4 3. Nf3 e6 4. Nxd4 a6 5. Nc3 b5 6. a3 Bc5 7. Nb3 Be7 8. Be2 Nc6 9. 0-0 Nf6 10. Be3 Bb7 11. f4 d6 12. Bf3 Qc7 13. Qe1 0-0 14. Rd1 Rfd8 15. Qf2 Nd7 16. f5 Nce5 17. Bh5 Bf6 18. Nd4 exf5 19. Nxf5 Nc4 20. Ne7+ Bxe7 21. Qxf7+ Kh8 22. Qxe7 Nxe3 23. Rf7 Qc5 24. b4 Qxc3 25. e5 Nxd1 26. Qh4 Nxe5 27. Rxg7 Qe3+ 28. Kf1 Rf8+ 29. Bf3 Kxg7 0-1

[Event "Unterfranken-ch M2 60th"]
[Site "Obernau"]
[Date "2009.04.13"]
[Round "1"]
[White "Pfarr, Michael"]
[Black "Marx, Peter1"]
[Result "1/2-1/2"]
[WhiteElo "1929"]
[BlackElo "1803"]
[PlyCount "23"]
[EventDate "2009.04.13"]
[EventType "swiss"]
[EventRounds "9"]
[EventCountry "GER"]
[SourceTitle "EXT 2015"]
[Source "ChessBase"]
[SourceDate "2014.11.20"]
[SourceVersion "1"]
[SourceVersionDate "2014.11.20"]
[SourceQuality "1"]

1. e4 Nf6 2. e5 Nd5 3. d4 d6 4. c4 Nb6 5. exd6 exd6 6. Nc3 Nc6 7. Nf3 Bf5 8. Be2 Nb4 9. 0-0 Nc2 10. Rb1 Nb4 11. Ra1 Nc2 12. Rb1 1/2-1/2

[Event "Unterfranken-ch M2 57th"]
[Site "Prichsenstadt"]
[Date "2006.04.20"]
[Round "5"]
[White "Oleneva, Svetlana"]
[Black "Pfarr, Michael"]
[Result "1-0"]
[WhiteElo "2020"]
[BlackElo "1846"]
[PlyCount "65"]
[EventDate "2006.04.17"]
[EventType "swiss"]
[EventRounds "9"]
[EventCountry "GER"]
[SourceTitle "EXT 2015"]
[Source "ChessBase"]
[SourceDate "2014.11.20"]
[SourceVersion "1"]
[SourceVersionDate "2014.11.20"]
[SourceQuality "1"]

1. d4 Nf6 2. Nf3 d6 3. Bg5 Nbd7 4. Nbd2 g6 5. e4 Bg7 6. c3 c6 7. Bd3 e5 8. dxe5 dxe5 9. Nc4 Qc7 10. Bc2 0-0 11. Qd2 b5 12. Nd6 Rd8 13. Rd1 Ba6 14. Bb3 Rf8 15. Nxf7 Nc5 16. Nh6+ Kh8 17. Bxf6 Rxf6 18. Bc2 Rff8 19. b4 Ne6 20. 0-0 Rad8 21. Qe3 Rxd1 22. Rxd1 Nf4 23. Ng4 h5 24. Ngxe5 Bxe5 25. g3 Bc8 26. gxf4 Rxf4 27. Nxe5 Qxe5 28. Rd8+ Kh7 29. Rxc8 Rg4+ 30. Kh1 Qd6 31. Qxa7+ Kh6 32. Qe3+ Kg7 33. Qd4+ 1-0